00881cam a22002891a 4500001001300000003000400013005001700017008004100034010001700075035001900092040002900111042001200140043001200152050002400164070002500188072001500213100004200228245006500270260009000335300002300425490001700448500001700465650003700482650003600519830001900555999001700574agr67000179 DLC20260227111026.0781116s1967 dcu f000 0 eng  aagr67000179  a(OCoLC)4376778 aDLCcTxUdTxUdDNALdDLC apremarc an-mx---00aS21b.Z2383 no. 1850 aA281.9bF76Fm no.1850 aE700aQ0021 aRiesz, John E.q(John Edward),d1937-10aLivestock and meat industry of Mexico /c[by John E. Riesz]. a[Washington, D.C.] :bForeign Agricultural Service, U.S. Dept. of Agriculture,c1967. aiv, 7 p. ;c26 cm.1 aFAS-M ;v185 aCover title. 0aMeat industry and tradezMexico. 0aMarketing of livestockzMexico. 0aFAS M. ;v185. c12206d12206